Hody, hody doprovody : velikonoční motivy pro děti /

Hlavní autor: Thiele, Gudrun
Jazyk: Čeština
Vydáno: Ostrava : Anagram, c2001
Edice: Topp
Témata:
Fyzický popis: 32 s. : barev. il. ; 21 cm + 1 složená obr. předloha
Knihy
Uloženo v:
LEADER 01303nam a2200373 a 4500
001 000557730
003 CZ BrMZK
005 20260529090131.0
007 ta
008 000115s2001 xr af c f 000 0 cze d
015 |a cnb000888631 
020 |a 80-86331-17-2 
035 |a (OCoLC)50340716 
040 |a BOA001  |b cze 
072 7 |a 821-93  |x Literatura pro děti a mládež (beletrie)  |2 Konspekt  |9 26 
072 7 |a 74  |x Kresba. Umělecká řemesla  |2 Konspekt  |9 21 
080 |a 745  |2 MRF 
080 |a 688.76:398.332.12  |2 MRF 
080 |a (035)  |2 MRF 
080 |a (0.053.2)  |2 MRF 
100 1 |a Thiele, Gudrun  |7 jn20010309429  |4 aut 
245 1 0 |a Hody, hody doprovody :  |b velikonoční motivy pro děti /  |c [Gudrun Thiele] 
260 |a Ostrava :  |b Anagram,  |c c2001 
300 |a 32 s. :  |b barev. il. ;  |c 21 cm +  |e 1 složená obr. předloha 
490 1 |a Topp ;  |v 2562 
650 0 7 |a výtvarné práce  |7 ph127466  |2 czenas 
650 0 7 |a velikonoční dekorace  |7 ph137671  |2 czenas 
655 7 |a příručky  |7 fd133209  |2 czenas 
655 7 |a publikace pro děti  |7 fd133156  |2 czenas 
765 0 |t Fix, zwei, drei, flotte Osterbastelei!  |9 Česky 
830 0 |a Topp  |0 s 
910 |a BOA001  |b 2-1084.257 
990 |a BK 
996 6 |b 2610133522  |c 2-1084.257  |l MZK  |r Sklad / do 1 hodiny  |n 11  |p p.v.  |w 000557730  |u 000010  |a 1  |e BOA001  |j MZK50  |s P